¡Vivamos vital! (Registro nro. 17814)

Detalles MARC
000 -LDR (LÍDER)
Campo de control de longitud fija 02377nam a2200421 a 4500
003 - IDENTIFICADOR DEL NÚMERO DE CONTROL
Campo de control CO-PeBPR
005 - FECHA Y HORA DE LA ÚLTIMA TRANSACCIÓN
Campo de control 20260429092358.0
008 - ELEMENTOS DE DATOS DE LONGITUD FIJA--INFORMACIÓN GENERAL
Campo de control de longitud fija 260415e2024 ck a|||| n||| 00| 0 spa c
020 ## - Código Internacional normalizado para libros
Código Internacional normalizado para libros 9786287695146
040 0# - FUENTE DE CATALOGACIÓN
Agencia catalogadora original CO-PeBPR
Idioma de la agencia catalogadora spa
Agencia que transcribe CO-PeBPR
Norma para la descripción rda
041 0# - Código del Idioma
Código idioma del recurso original spa
082 04 - NÚMERO DE CLASIFICACIÓN DECIMAL DEWEY
Número de clasificación 613.071 S717v
245 10 - MENCIÓN DE TÍTULO
Título propiamente dicho ¡Vivamos vital!
Subtítulo o título paralelo : Principios de autocuidado y prevención de enfermedades. ¡Toma el control de tu salud!
Mención de responsabilidad / José Albeiro Sotelo M.. [y otros cuatro] ; ilustraciones de Darío Ordoñez Portilla
250 ## - MENCIÓN DE EDICIÓN
Mención de edición Edición especial
264 #1 - Área de la Producción Publicación, Distribución, Manufactura, etc.
Lugar de publicación, distribución, etc. Bogotá, Colombia
Nombre de la editorial, distribuidor, etc. : Manual Moderno Colombia
Fecha de publicación, distribución, etc. , 2024
300 ## - DESCRIPCIÓN FÍSICA
Extensión xviii, 318 páginas
Otros detalles físicos : ilustraciones a color
Dimensiones ; 23 centímetros
336 ## - Tipo de Contenido
Tipo de contenido texto
Código de tipo de contenido txt
Fuente rdacontenido
337 ## - Tipo de Medio
Tipo de Medio sin mediación
Código de tipo de medio n
Fuente rdamedio
338 ## - Tipo de Soporte
Tipo de soporte volumen
Código de tipo de soporte nc
Fuente rdasoporte
490 ## - MENCIÓN DE SERIE
Título de la serie Plan Nacional de Lectura, Escritura y Oralidad / Ministerio de las Culturas, las Artes y los saberes
500 ## - NOTA GENERAL
Nota general Incluye índice.
500 ## - NOTA GENERAL
Nota general Incluye glosario.
500 ## - NOTA GENERAL
Nota general Contiene datos biográficos del autor.
504 ## - NOTA DE BIBLIOGRAFIA, ETC.
Nota de bibliografía Incluye bibliografía.
520 ## - NOTA DE RESUMEN, ETC.
Nota de sumario ¡Vivamos vital! aporta conceptos generales sobre la salud, la enfermedad, la vida y la muerte. La enfermedad desde la perspectiva genética, epidemiológica, social y antropológica; así como las causas más comunes de enfermedad y deceso en la población colombiana y en el mundo. Aborda la prevención de enfermedades de medicina interna, oncología, pediatría vida sexual y reproductiva, ginecología y obstetricia, salud mental y oral, inculca el cuidado de cada sistema de nuestro cuerpo, recalcando la importancia de la prevención de enfermedades, los estilos de vida saludables, el autocuidado y las acciones educativas para la población en general, que repercutan en un estado de salud sano.
521 ## - NOTA DE AUDIENCIA
Nota de audiencia Recomendado para jóvenes y adultos.
650 14 - ASIENTO SECUNDARIO DE MATERIA - TÉRMINO TEMÁTICO
Fuente del encabezado o término LEMB
Encabezamiento temático Autocuidado
650 14 - ASIENTO SECUNDARIO DE MATERIA - TÉRMINO TEMÁTICO
Fuente del encabezado o término LEMB
Encabezamiento temático Prevención de enfermedades
650 14 - ASIENTO SECUNDARIO DE MATERIA - TÉRMINO TEMÁTICO
Fuente del encabezado o término LEMB
Encabezamiento temático Enfermedades
Subdivisión general Prevención
650 14 - ASIENTO SECUNDARIO DE MATERIA - TÉRMINO TEMÁTICO
Fuente del encabezado o término LEMB
Encabezamiento temático Promoción de la salud
700 1# - ASIENTO SECUNDARIO - NOMBRE PERSONAL
Nombre personal Sotelo M., José Albeiro
Término de relación, rol en la obra autor
700 1# - ASIENTO SECUNDARIO - NOMBRE PERSONAL
Nombre personal Valencia Cuéllar, Antonio
Término de relación, rol en la obra autor
700 1# - ASIENTO SECUNDARIO - NOMBRE PERSONAL
Nombre personal Acosta, Ospitia, Eduardo Julián
Término de relación, rol en la obra autor
700 1# - ASIENTO SECUNDARIO - NOMBRE PERSONAL
Nombre personal Valencia Quivano, Juan Pablo
Término de relación, rol en la obra autor
700 1# - ASIENTO SECUNDARIO - NOMBRE PERSONAL
Nombre personal Sotelo Muñoz, Manuelita María Camila
Término de relación, rol en la obra autora
700 1# - ASIENTO SECUNDARIO - NOMBRE PERSONAL
Nombre personal Ordoñez Portilla, Darío
Término de relación, rol en la obra ilustrador
942 ## - ENTRADA DE ELEMENTOS AGREGADOS (KOHA
Fuente de clasificación o esquema de estantería. Dewey Decimal Classification
Tipo de ítem Libro
Existencias
Estado de pérdida Fuente del sistema de clasificación o colocación Estado de daño No disponible para préstamo Colección Biblioteca de origen Biblioteca actual Ubicación en estantería Signatura topográfica completa Ejemplar Código de barras Tipo de ítem Fecha de adquisición Fuente de adquisición Total de pagos Fecha de la última vez visto
  Dewey Decimal Classification     General Sala de Patrimonio Bibliográfico y Documental - Biblioteca Departamental Sala de Patrimonio Bibliográfico y Documental - Biblioteca Departamental Área General 613.071 S717v Ej.1 RIBPD16030 Libro 29/04/2026 Dotación MinCultura y BNC   29/04/2026